书目信息 |
| 题名: |
初中代数课外习题集
|
|
| 作者: | ;人民教育出版社 编辑 | |
| 分册: | 上册 | |
| 出版信息: | 北京 人民教育出版社 1964 |
|
| 页数: | 40页 | |
| 开本: | 19cm | |
| 丛书名: | ||
| 单 册: | ||
| 中图分类: | G634.62 , O122.2 | |
| 科图分类: | ||
| 主题词: | 代数--中学--习题 , 初等数学 | |
| 电子资源: | ||
| ISBN: | ||
| 000 | 00687nam0 2200253 45 | |
| 001 | 0178005598 | |
| 005 | 20040519173037.0 | |
| 010 | @dCNY0.12 | |
| 091 | @a13012.61 | |
| 100 | @a19950726d1964 demy0chiy0121 ea | |
| 101 | 0 | @achi |
| 102 | @aCN@b110000 | |
| 105 | @ay z 000yy | |
| 106 | @ar | |
| 200 | 10 | @a初中代数课外习题集@Achu zhong dai shu ke wai xi ti ji@h上册@f人民教育出版社编辑 |
| 210 | @a北京@c人民教育出版社@d1964 | |
| 215 | @a40页@d19cm | |
| 606 | @a代数@x中学@x习题 | |
| 606 | 0 | @a初等数学 |
| 690 | @aG634.62@v3 | |
| 690 | @aO122.2 | |
| 711 | 02 | @a人民教育出版社@Aren min jiao yu chu ban she@4编辑 |
| 801 | 0 | @aCN@bNLC@c20040519 |
| 905 | @f1@b7840@dO122.2@e42:1 | |
| 初中代数课外习题集.上册/人民教育出版社编辑.-北京:人民教育出版社,1964 |
| 40页;19cm |
| ISBN :CNY0.12 |
| ● |
| 相关链接 |
|
|
|
|
正题名:初中代数课外习题集
索取号:O122.2/42:1
 
预约/预借
| 序号 | 登录号 | 条形码 | 馆藏地/架位号 | 状态 | 备注 |
| 1 | 0007840 | 000412501 | 第三借阅区/ [索取号:O122.2/42:1] | 在馆 |